000
00329nam a2200145Ia 4500
008
230917s9999||||xx |||||||||||||| ||und||
040
_e
53151
_a
MAIN
041
_a
English
082
_a
B L547W:L
100
_a
Gerda
245
0
_a
Lenin life and works
260
_a
London
_b
Macmillan
_c
1980
300
_a
224 p.
942
_c
BK
999
_c
216320
_d
216320